Statistiques concernant Drapeau d'Asie avec du Vert

Cliquez ici pour prendre le quiz!

Statistiques générales

  • Ce quiz a été pris 49 fois
  • Le résultat moyen est 18 sur 20

Statistiques - réponses

Pays% Correct
Iran
98%
Oman
98%
Ouzbekistan
98%
Pakistan
98%
Tadjikistan
96%
Afghanistan
93%
Arabie Saoudite
93%
Inde
93%
Irak
93%
Liban
93%
Maldives
93%
Turkménistan
93%
Azerbaidjan
91%
Jordanie
91%
Sri lanka
87%
Syrie
87%
Bangladesh
84%
Emirats Arabes Unis
84%
Koweit
82%
Myanmar
44%

Distribution des résultats

Percentile par nombre de réponses

% des personnes avec chaque résultat

Votre développement - résultats

Vous n’avez pas pris ce quiz